[Event "2BLS 1920 Stuttgarter SF - SC Emmending"]
[Site "?"]
[Date "2019.10.19"]
[Round "1.4"]
[White "Neyman, Igor"]
[Black "Korpa, Bence"]
[Result "1-0"]
[WhiteElo "2330"]
[BlackElo "2560"]
[PlyCount "119"]
[EventDate "2019.??.??"]

1. d4 Nf6 2. c4 e6 3. Nc3 d5 4. Bg5 Be7 5. e3 h6 6. Bh4 O-O 7. Nf3 b6 8. cxd5
exd5 9. Bd3 Bb7 10. O-O c5 11. Ne5 Nbd7 12. Bf5 Nxe5 13. dxe5 Ne8 14. Bg3 Nc7
15. Qg4 Bc8 16. Rfd1 Bxf5 17. Qxf5 Qc8 18. Qxc8 Rfxc8 19. Nxd5 Nxd5 20. Rxd5
Kf8 21. Kf1 c4 22. Rc1 Rc6 23. f3 Rac8 24. Be1 Ke8 25. Ke2 Rc5 26. Rcd1 Rxd5
27. Rxd5 Bc5 28. Bc3 Rc6 29. f4 h5 30. f5 Be7 31. g3 a6 32. Kf3 b5 33. a3 Rb6
34. Ke4 Rc6 35. h3 Rb6 36. Kd4 Rc6 37. Ba5 Rc8 38. e4 Rc6 39. Bd2 Bd8 40. Bb4
Bb6+ 41. Bc5 Bc7 42. Bd6 Bb6+ 43. Kc3 Ba5+ 44. Kc2 Bc7 45. Bxc7 Rxc7 46. Kc3
Ke7 47. Rd6 Ra7 48. g4 hxg4 49. hxg4 f6 50. Kd4 a5 51. Re6+ Kf7 52. exf6 gxf6
53. Rb6 Rd7+ 54. Kc5 Re7 55. Re6 Rd7 56. Kxb5 Rd2 57. Kxc4 Rxb2 58. Ra6 Re2 59.
Ra7+ Kg8 60. Kd5 1-0

[Event "2BLS 1920 Stuttgarter SF - SC Emmending"]
[Site "?"]
[Date "2019.10.19"]
[Round "1.5"]
[White "Lodici, Lorenzo"]
[Black "Vyval, Volodymyr"]
[Result "0-1"]
[WhiteElo "2469"]
[BlackElo "2168"]
[PlyCount "46"]
[EventDate "2019.??.??"]

1. d4 Nf6 2. c4 g6 3. f3 c5 4. d5 d6 5. e4 Bg7 6. Ne2 O-O 7. Nbc3 Na6 8. Ng3
Nc7 9. h4 h5 10. Bg5 Bd7 11. Qd2 Re8 12. Bd3 a6 13. f4 b5 14. O-O Ng4 15. e5
bxc4 16. Bxc4 f6 17. Qd3 Kh7 18. e6 Rf8 19. Nxh5 Bb5 20. Nxg7 Kxg7 21. b3 fxg5
22. hxg5 Rh8 23. Qe2 Rh1+ 0-1

[Event "2BLS 1920 Stuttgarter SF - SC Emmending"]
[Site "?"]
[Date "2019.10.19"]
[Round "1.6"]
[White "Beyer, Christian"]
[Black "Weidemann, Joerg"]
[Result "1/2-1/2"]
[WhiteElo "2277"]
[BlackElo "2277"]
[PlyCount "95"]
[EventDate "2019.??.??"]

1. e4 e6 2. d4 d5 3. Nc3 Nf6 4. e5 Nfd7 5. f4 c5 6. Nf3 Nc6 7. Be3 a6 8. Qd2
Be7 9. dxc5 Nxc5 10. O-O-O b5 11. Qf2 b4 12. Nxd5 exd5 13. Bxc5 Qa5 14. Bxe7
Nxe7 15. Kb1 Be6 16. Nd4 g6 17. Bd3 Qb6 18. Rd2 Rb8 19. h4 h5 20. Rc1 Kd7 21.
c3 Rhc8 22. Nxe6 bxc3 23. Qxb6 Rxb6 24. Nf8+ Ke8 25. Rdc2 Kxf8 26. Rxc3 Rcb8
27. R1c2 a5 28. Rc5 a4 29. a3 Rb3 30. Rd2 Rxa3 31. Bc2 Re3 32. Rd4 a3 33. b4
Re2 34. b5 a2+ 35. Ka1 Rxg2 36. Rb4 Nc8 37. Bb3 Nb6 38. Bxd5 Rd2 39. Bb3 Rh2
40. Rc7 Ra8 41. Rd4 Rh3 42. Bd1 Rha3 43. Rd6 Rb8 44. f5 Na8 45. Rc5 gxf5 46.
Bxh5 Ra7 47. Ra6 Re7 48. Kxa2 1/2-1/2

[Event "2BLS 1920 Stuttgarter SF - SC Emmending"]
[Site "?"]
[Date "2019.10.19"]
[Round "1.7"]
[White "Vatter, Hans-Joachim"]
[Black "Gabriel, Robert"]
[Result "0-1"]
[WhiteElo "2236"]
[BlackElo "2226"]
[PlyCount "60"]
[EventDate "2019.??.??"]

1. e4 c5 2. Nf3 e6 3. c3 d5 4. e5 d4 5. Bd3 Bd7 6. Na3 dxc3 7. dxc3 Bc6 8. O-O
Ne7 9. Nc4 Nc8 10. a4 Be7 11. Qe2 O-O 12. Rd1 Nd7 13. Bc2 Qc7 14. Ng5 g6 15.
Nxh7 Rd8 16. Ng5 Nf8 17. Bf4 Nb6 18. Nd6 Nd5 19. Rxd5 Bxd5 20. Ndxf7 Bxg5 21.
Nxg5 c4 22. Ne4 Bxe4 23. Bxe4 Rd5 24. Bxd5 exd5 25. Qd2 Qd7 26. Bg5 Rc8 27. Bf6
Ne6 28. Rd1 Rc5 29. Qe3 Qxa4 30. Qh3 Qxd1# 0-1

[Event "2BLS 1920 Stuttgarter SF - SC Emmending"]
[Site "?"]
[Date "2019.10.19"]
[Round "1.8"]
[White "Fritsch, Rolf"]
[Black "Herbrechtsmeier, Christof"]
[Result "1/2-1/2"]
[WhiteElo "2162"]
[BlackElo "2197"]
[PlyCount "20"]
[EventDate "2019.??.??"]

1. d4 Nf6 2. Nf3 g6 3. Bg5 Bg7 4. Nbd2 h6 5. Bh4 c5 6. c3 cxd4 7. cxd4 d6 8.
Rc1 Nbd7 9. e4 g5 10. Bg3 Nh5 1/2-1/2

[Event "2BLS 1920 SC Eppingen - SF Neuberg"]
[Site "?"]
[Date "2019.10.20"]
[Round "2.1"]
[White "Lubbe, Nikolas"]
[Black "Noe, Christopher"]
[Result "1/2-1/2"]
[WhiteElo "2431"]
[BlackElo "2529"]
[PlyCount "34"]
[EventDate "2019.??.??"]

1. d4 d5 2. c4 e6 3. Nc3 c6 4. e3 Nf6 5. Nf3 Bd6 6. Be2 O-O 7. Qc2 Nbd7 8. b3
b6 9. O-O Bb7 10. Bb2 Qe7 11. Rfd1 Rac8 12. a4 c5 13. a5 dxc4 14. bxc4 cxd4 15.
Nxd4 Nc5 16. axb6 axb6 17. Bf3 Rfd8 1/2-1/2

[Event "2BLS 1920 SC Eppingen - SF Neuberg"]
[Site "?"]
[Date "2019.10.20"]
[Round "2.2"]
[White "Mesaros, Florian"]
[Black "Lubbe, Melanie"]
[Result "1/2-1/2"]
[WhiteElo "2405"]
[BlackElo "2242"]
[PlyCount "83"]
[EventDate "2019.??.??"]

1. d4 Nf6 2. c4 g6 3. Nc3 Bg7 4. e4 d6 5. Nf3 O-O 6. Be2 Nbd7 7. O-O e5 8. Be3
Qe7 9. dxe5 dxe5 10. Nd5 Qd8 11. Qc2 c6 12. Nxf6+ Bxf6 13. Rfd1 Qe7 14. c5 Rd8
15. Rd6 Re8 16. Rad1 Nf8 17. b4 Bg4 18. h3 Bxf3 19. Bxf3 Rad8 20. Bg4 h5 21.
Be2 Bg5 22. Bc4 Bxe3 23. fxe3 Rxd6 24. cxd6 Qd7 25. Qf2 Nh7 26. Rf1 Rf8 27. Qd2
Kg7 28. a4 Ng5 29. Qd3 f6 30. h4 Nf7 31. Bxf7 Kxf7 32. Qc4+ Kg7 33. Rd1 Rd8 34.
b5 Qg4 35. Qd3 Rd7 36. bxc6 bxc6 37. Rc1 Qxh4 38. Rxc6 Qe1+ 39. Kh2 Qh4+ 40.
Kg1 Qe1+ 41. Kh2 Qh4+ 42. Kg1 1/2-1/2

[Event "2BLS 1920 SC Eppingen - SF Neuberg"]
[Site "?"]
[Date "2019.10.20"]
[Round "2.3"]
[White "Wahedi, Ahmad Siar"]
[Black "Ruck, Robert"]
[Result "0-1"]
[WhiteElo "2281"]
[BlackElo "2530"]
[PlyCount "85"]
[EventDate "2019.??.??"]

1. Nf3 Nf6 2. c4 c5 3. e3 g6 4. b3 Bg7 5. Bb2 O-O 6. Be2 d6 7. Qc2 Nc6 8. g3 e5
9. d3 Qe7 10. Nbd2 Bd7 11. O-O Ne8 12. Rfd1 f5 13. b4 Nf6 14. d4 e4 15. dxc5
exf3 16. cxd6 Qxd6 17. Nxf3 Qe7 18. b5 Nd8 19. Bc3 Ne6 20. Bb4 Nc5 21. Rd4 Rfc8
22. Rad1 Be8 23. a4 b6 24. h4 Rc7 25. a5 Rac8 26. a6 Nfe4 27. h5 Qf6 28. Nd2
Nxd2 29. R4xd2 Ne4 30. Rd5 Qb2 31. Qxb2 Bxb2 32. Rd8 Bf6 33. Rxc8 Rxc8 34. g4
fxg4 35. Bxg4 Rc7 36. f3 Nc5 37. hxg6 hxg6 38. Be1 Re7 39. Rd6 Kf7 40. e4 Nxe4
41. fxe4 Rxe4 42. Bd7 Rxe1+ 43. Kf2 0-1

[Event "2BLS 1920 SC Eppingen - SF Neuberg"]
[Site "?"]
[Date "2019.10.20"]
[Round "2.4"]
[White "Medvegy, Zoltan"]
[Black "Kuenstler, Christian"]
[Result "1-0"]
[WhiteElo "2539"]
[BlackElo "2277"]
[PlyCount "43"]
[EventDate "2019.??.??"]

1. Nf3 d5 2. e3 Nf6 3. c4 e6 4. Nc3 Be7 5. b3 O-O 6. Bb2 b6 7. cxd5 Nxd5 8.
Nxd5 Qxd5 9. Qc2 Ba6 10. Qxc7 Bxf1 11. Qxe7 Bxg2 12. Rg1 f6 13. Nd4 Na6 14.
Qxe6+ Rf7 15. Qxd5 Bxd5 16. Nf5 Kh8 17. Rxg7 Rxg7 18. Bxf6 Rag8 19. Ke2 Be4 20.
Nxg7 Rxg7 21. Rg1 Bg6 22. h4 1-0

[Event "2BLS 1920 SC Eppingen - SF Neuberg"]
[Site "?"]
[Date "2019.10.20"]
[Round "2.5"]
[White "Schaffer, Hendrik"]
[Black "Guliyev, Namig"]
[Result "0-1"]
[WhiteElo "2282"]
[BlackElo "2548"]
[PlyCount "54"]
[EventDate "2019.??.??"]

1. d4 d5 2. Nf3 Nf6 3. c4 dxc4 4. e3 a6 5. Bxc4 e6 6. O-O Nbd7 7. b3 Bd6 8. Bb2
O-O 9. Nbd2 Qe7 10. Ne5 c5 11. Ndf3 b5 12. Bd3 Bb7 13. Qe2 cxd4 14. Nxd7 Nxd7
15. exd4 Ba3 16. Ne5 Bxb2 17. Qxb2 Rfd8 18. Rad1 Nf6 19. Rfe1 Rac8 20. f4 Nd5
21. f5 Nc3 22. Rd2 Qh4 23. Rf2 f6 24. fxe6 fxe5 25. e7 Qxe7 26. Rxe5 Qd6 27.
Rh5 Be4 0-1

[Event "2BLS 1920 SC Eppingen - SF Neuberg"]
[Site "?"]
[Date "2019.10.20"]
[Round "2.6"]
[White "Hacker, Jonas"]
[Black "Lutz, Klaus-Juergen"]
[Result "1/2-1/2"]
[WhiteElo "2370"]
[BlackElo "2240"]
[PlyCount "118"]
[EventDate "2019.??.??"]

1. e4 c5 2. Nf3 d6 3. d4 cxd4 4. Nxd4 Nf6 5. f3 e5 6. Nb3 d5 7. Bg5 Be6 8. Bxf6
gxf6 9. exd5 Qxd5 10. Qxd5 Bxd5 11. Nc3 Bb4 12. O-O-O Bxb3 13. axb3 Bxc3 14.
bxc3 Ke7 15. Bd3 Nd7 16. Bf5 Rad8 17. Rd5 h6 18. Rhd1 Nb8 19. Rb5 b6 20. Rb4
Rxd1+ 21. Kxd1 Nc6 22. Ra4 a5 23. Be4 Kd6 24. Bxc6 Kxc6 25. Rh4 Kd5 26. Rh5 b5
27. Kc1 Ke6 28. g4 a4 29. Kb2 Rg8 30. h3 Rh8 31. Ka3 Rc8 32. Kb2 Rh8 33. c4
axb3 34. Kxb3 bxc4+ 35. Kxc4 Rc8+ 36. Kd3 Rd8+ 37. Ke3 Rc8 38. Kd2 Rd8+ 39. Kc1
Rh8 40. c3 Rc8 41. Kc2 Rh8 42. h4 Ra8 43. Rxh6 Ke7 44. Rh5 Ra2+ 45. Kd3 Rh2 46.
Rh8 f5 47. c4 Rh3 48. gxf5 Rxf3+ 49. Ke4 Rf4+ 50. Kxe5 Rxc4 51. h5 Rc5+ 52. Kf4
Kf6 53. Rh6+ Kg7 54. Rd6 f6 55. h6+ Kxh6 56. Rxf6+ Kg7 57. Rb6 Rc2 58. Ke5 Re2+
59. Kd5 Kf7 1/2-1/2

[Event "2BLS 1920 SC Eppingen - SF Neuberg"]
[Site "?"]
[Date "2019.10.20"]
[Round "2.7"]
[White "Sergin, Mark"]
[Black "Gibicar, Danijel"]
[Result "1-0"]
[WhiteElo "2191"]
[BlackElo "2242"]
[PlyCount "85"]
[EventDate "2019.??.??"]

1. e4 e6 2. d4 d5 3. Nd2 a6 4. Bd3 c5 5. dxc5 Bxc5 6. Ngf3 Nc6 7. exd5 exd5 8.
O-O Nge7 9. a3 O-O 10. Ng5 g6 11. Nb3 Bd6 12. f4 Nf5 13. Kh1 h6 14. Nf3 Re8 15.
Re1 Rxe1+ 16. Qxe1 Bd7 17. Qf2 Qc7 18. Nh4 Nce7 19. Bd2 Re8 20. Rf1 Qd8 21. g4
Nxh4 22. Qxh4 h5 23. f5 Nc6 24. Bg5 f6 25. Bxf6 Be7 26. Bxe7 Qxe7 27. f6 Qf7
28. Bxg6 Qxg6 29. f7+ Qxf7 30. Rxf7 Kxf7 31. Qxh5+ Ke7 32. Nc5 Kd6 33. Nxd7
Kxd7 34. Qxd5+ Kc7 35. g5 Re1+ 36. Kg2 Re2+ 37. Kg3 Re5 38. Qf7+ Re7 39. Qf4+
Kb6 40. g6 Re6 41. Qf7 Re3+ 42. Kf2 Re7 43. Qf6 1-0

[Event "2BLS 1920 SC Eppingen - SF Neuberg"]
[Site "?"]
[Date "2019.10.20"]
[Round "2.8"]
[White "Mann, Christian"]
[Black "Bethke, Richard"]
[Result "1/2-1/2"]
[WhiteElo "2398"]
[BlackElo "2368"]
[PlyCount "55"]
[EventDate "2019.??.??"]

1. c4 Nf6 2. g3 e6 3. Bg2 d5 4. Nf3 dxc4 5. Na3 Bxa3 6. bxa3 O-O 7. Bb2 Nc6 8.
Qc2 Re8 9. O-O e5 10. Qxc4 Be6 11. Qc2 Bd5 12. d3 e4 13. dxe4 Bxe4 14. Qb3 Nd7
15. Qc3 f6 16. Ng5 Bg6 17. Qb3+ Kh8 18. Qxb7 Rb8 19. Qxc6 Rxb2 20. Rfd1 fxg5
21. Rxd7 Qf6 22. Qxf6 gxf6 23. e3 Rc2 24. Rd4 Rb8 25. Rb4 Rd8 26. Rd4 Rb8 27.
Rb4 Rd8 28. Rd4 1/2-1/2

[Event "2BLS 1920 SV 1947 Walldorf - SV Worms 1"]
[Site "?"]
[Date "2019.10.20"]
[Round "2.1"]
[White "Nasshan, Dennis"]
[Black "Aczel, Gergely"]
[Result "0-1"]
[WhiteElo "2306"]
[BlackElo "2522"]
[PlyCount "48"]
[EventDate "2019.??.??"]

1. d4 Nf6 2. c4 e6 3. Nc3 Bb4 4. Qc2 O-O 5. a3 Bxc3+ 6. Qxc3 b6 7. Bg5 Bb7 8.
f3 h6 9. Bh4 d5 10. e3 c5 11. dxc5 Nbd7 12. cxd5 g5 13. dxe6 Nd5 14. Qc2 Nxe3
15. Qd3 Nxc5 16. Qxe3 Re8 17. Bc4 Nxe6 18. Ne2 Nd4 19. Qd3 Rxe2+ 20. Kf1 Be4
21. fxe4 gxh4 22. Kg1 b5 23. Bd5 Qb6 24. Kf1 Qf6+ 0-1

[Event "2BLS 1920 SV 1947 Walldorf - SV Worms 1"]
[Site "?"]
[Date "2019.10.20"]
[Round "2.2"]
[White "Gschnitzer, Adrian"]
[Black "Karsay, Pascal"]
[Result "1-0"]
[WhiteElo "2412"]
[BlackElo "2276"]
[PlyCount "65"]
[EventDate "2019.??.??"]

1. e4 e5 2. Nc3 Nf6 3. g3 Bc5 4. Bg2 Nc6 5. Nge2 a6 6. O-O d6 7. d3 Be6 8. Nd5
Bxd5 9. exd5 Nd4 10. Nxd4 Bxd4 11. c3 Bb6 12. d4 O-O 13. dxe5 dxe5 14. b3 Re8
15. Bb2 Qd6 16. c4 Bc5 17. Qc2 Re7 18. a3 a5 19. b4 axb4 20. axb4 Rxa1 21. Rxa1
Bxb4 22. Ra8+ Ne8 23. Qa4 Kf8 24. Rb8 b6 25. Qc2 g6 26. Qa4 f5 27. Bc1 Kf7 28.
Qa8 Nf6 29. Rf8+ Kg7 30. Bg5 Nd7 31. Rg8+ Kf7 32. Rh8 e4 33. Qg8# 1-0

[Event "2BLS 1920 SV 1947 Walldorf - SV Worms 1"]
[Site "?"]
[Date "2019.10.20"]
[Round "2.3"]
[White "Helbig, Daniel"]
[Black "Tompa, Janos"]
[Result "1/2-1/2"]
[WhiteElo "2230"]
[BlackElo "2350"]
[PlyCount "60"]
[EventDate "2019.??.??"]

1. e4 c5 2. Nc3 Nc6 3. f4 g6 4. Nf3 Bg7 5. Bb5 Nd4 6. O-O Nxb5 7. Nxb5 d6 8. d3
a6 9. Nc3 Nh6 10. Qe1 f6 11. Qg3 f5 12. Ng5 Ng4 13. h3 Nf6 14. Bd2 O-O 15. Rae1
Nh5 16. Qh4 h6 17. exf5 hxg5 18. fxg5 Bd4+ 19. Kh1 Rxf5 20. Rxf5 Bxf5 21. g4
Ng7 22. gxf5 Nxf5 23. Qg4 Qd7 24. Nd5 Re8 25. Nf4 Kf7 26. Bc3 Qc6+ 27. Kh2 e6
28. Ng2 Rh8 29. Qe4 Qxe4 30. dxe4 Ne7 1/2-1/2

[Event "2BLS 1920 SV 1947 Walldorf - SV Worms 1"]
[Site "?"]
[Date "2019.10.20"]
[Round "2.4"]
[White "Gschnitzer, Oswald"]
[Black "Feldmann, Johannes"]
[Result "1-0"]
[WhiteElo "2357"]
[BlackElo "2198"]
[PlyCount "45"]
[EventDate "2019.??.??"]

1. Nf3 Nf6 2. c4 e6 3. Nc3 d5 4. d4 Be7 5. Bg5 O-O 6. e3 h6 7. Bxf6 Bxf6 8. Qd2
c6 9. O-O-O dxc4 10. Bxc4 Nd7 11. h4 b5 12. Bd3 Bb7 13. Kb1 Be7 14. Bc2 b4 15.
Qd3 f5 16. Ne2 Bd6 17. e4 fxe4 18. Qxe4 Nf6 19. Qxe6+ Kh8 20. Ne5 Bxe5 21. dxe5
Nd5 22. Qg6 Kg8 23. e6 1-0

[Event "2BLS 1920 SV 1947 Walldorf - SV Worms 1"]
[Site "?"]
[Date "2019.10.20"]
[Round "2.5"]
[White "Ollenberger, Roland"]
[Black "Vonthron, Horst"]
[Result "1-0"]
[WhiteElo "2238"]
[BlackElo "2345"]
[PlyCount "48"]
[EventDate "2019.??.??"]

1. e4 Nf6 2. Nc3 d5 3. exd5 Nxd5 4. Bc4 c6 5. Qf3 e6 6. Nge2 Nd7 7. d4 Be7 8.
Nxd5 cxd5 9. Bd3 O-O 10. h4 Nf6 11. Bg5 Bd7 12. O-O-O Bc6 13. Ng3 a6 14. Kb1
Bb5 15. Bxf6 Bxf6 16. Nh5 Be7 17. Qg4 g6 18. Nf4 Kh8 19. h5 g5 20. Ng6+ fxg6
21. hxg6 Rf5 22. Rxh7+ Kg8 23. Bxf5 exf5 24. Qxf5 Bf6 1-0

[Event "2BLS 1920 SV 1947 Walldorf - SV Worms 1"]
[Site "?"]
[Date "2019.10.20"]
[Round "2.6"]
[White "Faerber, David"]
[Black "Schluchter, Steffen"]
[Result "1-0"]
[WhiteElo "2332"]
[BlackElo "2119"]
[PlyCount "71"]
[EventDate "2019.??.??"]

1. e4 c6 2. d4 d5 3. Nd2 dxe4 4. Nxe4 Nf6 5. Nxf6+ gxf6 6. Nf3 Bf5 7. Bd3 e6 8.
Bf4 Bg6 9. Qe2 Bd6 10. Bg3 Qc7 11. O-O-O Nd7 12. Nd2 O-O-O 13. Nc4 Bxg3 14.
hxg3 Nb6 15. Nxb6+ Qxb6 16. c3 Qa5 17. Kb1 Qg5 18. Ka1 Rd6 19. Bxg6 fxg6 20.
Rde1 Qd5 21. f4 c5 22. dxc5 Qxc5 23. a3 h5 24. g4 h4 25. Rd1 Rxd1+ 26. Rxd1 Re8
27. Qd3 Qc6 28. Qxg6 e5 29. g5 exf4 30. gxf6 Qe6 31. Qg7 Rd8 32. Rxd8+ Kxd8 33.
Qh8+ Kc7 34. Qxh4 Qd6 35. Qh7+ Kb6 36. Qf5 1-0

[Event "2BLS 1920 SV 1947 Walldorf - SV Worms 1"]
[Site "?"]
[Date "2019.10.20"]
[Round "2.7"]
[White "Martin, Mike"]
[Black "Fichter, Fabian"]
[Result "0-1"]
[WhiteElo "2155"]
[BlackElo "2251"]
[PlyCount "90"]
[EventDate "2019.??.??"]

1. Nf3 d5 2. g3 Nf6 3. Bg2 Nbd7 4. d4 e6 5. O-O Be7 6. c4 O-O 7. Nc3 b6 8. Ne5
Bb7 9. Qa4 c6 10. Nxc6 Bxc6 11. Qxc6 Rc8 12. Qa4 Rxc4 13. Qxa7 Qc8 14. Be3 Qc6
15. Rac1 b5 16. Qa5 Rb8 17. Nb1 Ra8 18. Qe1 Rxa2 19. b3 Rxc1 20. Qxc1 Qxc1 21.
Bxc1 Bb4 22. Rd1 h6 23. e3 Nb6 24. Bd2 Bxd2 25. Nxd2 Ne8 26. Kf1 Nd6 27. f3 b4
28. Ke2 Nb5 29. Kd3 Nc3 30. Re1 Kf8 31. g4 Nc8 32. h4 Nd6 33. g5 h5 34. Bh3 g6
35. e4 Nb7 36. Bf1 Na5 37. exd5 exd5 38. Bh3 Rb2 39. Bd7 Nxb3 40. Nxb3 Rxb3 41.
Kc2 Ra3 42. Bc6 Ne2 43. Rxe2 Rc3+ 44. Kd1 Rxc6 45. Re5 b3 0-1

[Event "2BLS 1920 SV 1947 Walldorf - SV Worms 1"]
[Site "?"]
[Date "2019.10.20"]
[Round "2.8"]
[White "Weber, Marc"]
[Black "Musiolik, David"]
[Result "1-0"]
[WhiteElo "2202"]
[BlackElo "2195"]
[PlyCount "65"]
[EventDate "2019.??.??"]

1. d4 d5 2. c4 e6 3. Nf3 Nf6 4. g3 Bb4+ 5. Bd2 Be7 6. Bg2 O-O 7. O-O Nbd7 8.
Qc2 c6 9. Nc3 b6 10. e4 Ba6 11. e5 Ne8 12. b3 dxc4 13. Rfe1 Nc7 14. Ne4 cxb3
15. axb3 Bb5 16. Neg5 g6 17. Qe4 Kg7 18. h4 c5 19. h5 h6 20. Nxf7 Rxf7 21.
Qxg6+ Kf8 22. Bxh6+ Ke8 23. Ng5 Bxg5 24. Bxg5 Qc8 25. dxc5 Nf8 26. Qc2 Nd5 27.
Bxd5 exd5 28. e6 Nxe6 29. Qg6 Bd7 30. h6 Kf8 31. h7 Rxh7 32. Qxh7 Nxg5 33. Qe7+
1-0

[Event "2BLS 1920 SV 1920 Hofheim - SC Heusenst"]
[Site "?"]
[Date "2019.10.20"]
[Round "2.1"]
[White "Sadzikowski, Daniel"]
[Black "Ginsburg, Gennadi"]
[Result "1-0"]
[WhiteElo "2504"]
[BlackElo "2415"]
[PlyCount "77"]
[EventDate "2019.??.??"]

1. c4 e6 2. Nc3 d5 3. d4 Nf6 4. cxd5 exd5 5. Bg5 Be7 6. e3 c6 7. Bd3 Nbd7 8.
Nge2 Nf8 9. Qc2 Ne6 10. Bh4 g6 11. f3 O-O 12. O-O-O b6 13. g4 Bb7 14. Bxf6 Bxf6
15. h4 c5 16. h5 Qe7 17. f4 Rfe8 18. hxg6 fxg6 19. g5 Bg7 20. Rh3 c4 21. Bxg6
hxg6 22. Qxg6 Nf8 23. Qh5 Qf7 24. Qxf7+ Kxf7 25. f5 Nd7 26. Nf4 Rh8 27. Rdh1
Rxh3 28. Rxh3 Rh8 29. Rxh8 Bxh8 30. Ncxd5 Bg7 31. Kd2 Bf8 32. e4 Bd6 33. Ke3 b5
34. g6+ Kg7 35. Nh5+ Kh6 36. Ndf6 Nxf6 37. Nxf6 Bf8 38. e5 b4 39. Nd7 1-0

[Event "2BLS 1920 SV 1920 Hofheim - SC Heusenst"]
[Site "?"]
[Date "2019.10.20"]
[Round "2.2"]
[White "Womacka, Mathias"]
[Black "Wieczorek, Oskar"]
[Result "1/2-1/2"]
[WhiteElo "2436"]
[BlackElo "2490"]
[PlyCount "114"]
[EventDate "2019.??.??"]

1. e4 c5 2. Nf3 d6 3. d4 cxd4 4. Nxd4 Nf6 5. Nc3 Nc6 6. Be2 g6 7. Nb3 Bg7 8.
O-O O-O 9. Re1 b6 10. Bf1 Bb7 11. Bf4 Rc8 12. Qd2 Ne5 13. Bh6 Qc7 14. Bxg7 Kxg7
15. Rad1 Nc4 16. Qd4 e5 17. Qxc4 Qxc4 18. Bxc4 Rxc4 19. f3 Rd8 20. Nd2 Rc5 21.
Nf1 Kf8 22. Ne3 Ke7 23. Rd2 b5 24. a3 a6 25. Red1 h5 26. g3 Ba8 27. h3 a5 28.
g4 hxg4 29. hxg4 b4 30. axb4 axb4 31. Na4 Rb5 32. Nc4 b3 33. cxb3 Rxb3 34. Nxe5
Nh7 35. Nc3 Ng5 36. Kg2 Rdb8 37. Nc4 R3b4 38. Nxd6 Rxb2 39. Rxb2 Rxb2+ 40. Kg3
Rb3 41. Nc8+ Kf6 42. Rc1 Bxe4 43. f4 Ne6 44. Nd6 Bc6 45. f5 Nc5 46. fxg6 Kxg6
47. Kh4 Nd3 48. Rc2 Ne5 49. Nf5 Nf3+ 50. Kg3 Kg5 51. Rc1 Bb7 52. Nd6 Nd4 53.
Kf2 Kxg4 54. Nxf7 Kf4 55. Ne2+ Nxe2 56. Kxe2 Bf3+ 57. Kd2 Be4 1/2-1/2

[Event "2BLS 1920 SV 1920 Hofheim - SC Heusenst"]
[Site "?"]
[Date "2019.10.20"]
[Round "2.3"]
[White "Poetsch, Hagen"]
[Black "Lobzhanidze, Davit"]
[Result "1-0"]
[WhiteElo "2516"]
[BlackElo "2422"]
[PlyCount "99"]
[EventDate "2019.??.??"]

1. e4 e5 2. Nf3 Nc6 3. Bc4 Bc5 4. c3 Nf6 5. d4 exd4 6. e5 d5 7. Bb5 Ne4 8. cxd4
Bb6 9. Nc3 O-O 10. Be3 Bg4 11. h3 Bh5 12. Qc2 Nxc3 13. bxc3 f6 14. Bxc6 Bxf3
15. gxf3 bxc6 16. f4 Qe7 17. a4 a5 18. h4 c5 19. Qb3 cxd4 20. cxd4 Kh8 21. Qxd5
Rad8 22. Qc4 fxe5 23. fxe5 Qd7 24. O-O-O Qf5 25. Rhg1 c6 26. Rg5 Qe4 27. Qc2
Qxh4 28. Rgg1 Qh5 29. Rh1 Qf5 30. Qxf5 Rxf5 31. f4 g6 32. Rh2 Rf7 33. Rc2 Rfd7
34. f5 gxf5 35. Bg5 Bxd4 36. Rcd2 c5 37. e6 Rd5 38. Bf6+ Bxf6 39. Rxd5 Re8 40.
Re1 f4 41. Rf5 Bh4 42. Re4 h6 43. Kd1 Bg5 44. Rxc5 Kg7 45. Rxa5 Kf6 46. Ke2 Ke7
47. Rd5 Rc8 48. Rd7+ Kf6 49. e7 Re8 50. a5 1-0

[Event "2BLS 1920 SV 1920 Hofheim - SC Heusenst"]
[Site "?"]
[Date "2019.10.20"]
[Round "2.4"]
[White "Zude, Arno"]
[Black "Klekowski, Maciej"]
[Result "0-1"]
[WhiteElo "2372"]
[BlackElo "2481"]
[PlyCount "54"]
[EventDate "2019.??.??"]

1. e4 c5 2. Nf3 Nc6 3. d4 cxd4 4. Nxd4 Nf6 5. Nc3 e5 6. Ndb5 d6 7. Bg5 a6 8.
Na3 b5 9. Nd5 Be7 10. Bxf6 Bxf6 11. c3 Bg5 12. Nc2 Ne7 13. h4 Bh6 14. a4 bxa4
15. Rxa4 Nxd5 16. exd5 O-O 17. Be2 a5 18. Na3 f5 19. g3 e4 20. Bb5 Rb8 21. O-O
Bd7 22. Bc6 f4 23. Nc4 Bh3 24. Re1 e3 25. Qd4 Qc8 26. f3 Qf5 27. Nxd6 Qc2 0-1

[Event "2BLS 1920 SV 1920 Hofheim - SC Heusenst"]
[Site "?"]
[Date "2019.10.20"]
[Round "2.5"]
[White "Barski, Radoslaw"]
[Black "Weber, Ulrich"]
[Result "1-0"]
[WhiteElo "2437"]
[BlackElo "2360"]
[PlyCount "119"]
[EventDate "2019.??.??"]

1. e4 c5 2. Nf3 d6 3. Bb5+ Bd7 4. a4 Nc6 5. O-O a6 6. Bxc6 Bxc6 7. Re1 Nf6 8.
d3 e5 9. Bg5 Be7 10. Bxf6 Bxf6 11. a5 O-O 12. c4 Qd7 13. Nc3 Rae8 14. Nd5 Bd8
15. Nd2 Bg5 16. Nb1 f5 17. Nbc3 f4 18. f3 Bd8 19. b4 Kh8 20. b5 axb5 21. cxb5
Bxb5 22. Nxb5 Qxb5 23. Qd2 Rf7 24. Reb1 Qd7 25. Ra2 g5 26. Rab2 Qa4 27. Rb5 Rg8
28. Kh1 g4 29. fxg4 Rxg4 30. Qd1 Qxd1+ 31. Rxd1 Rfg7 32. Rd2 f3 33. g3 c4 34.
Nc3 Rf7 35. Rd1 cxd3 36. Kg1 h5 37. Kf2 Rg8 38. Rxd3 Rgf8 39. Nd5 h4 40. Ne3
hxg3+ 41. hxg3 Rh7 42. Nf5 Rxf5 43. exf5 e4 44. Re3 Rh2+ 45. Kg1 Rg2+ 46. Kf1
d5 47. Rxd5 Bc7 48. Rxe4 Bxg3 49. Rd8+ Kh7 50. Re7+ Kh6 51. Rh8+ Kg5 52. f6
Rf2+ 53. Kg1 Kxf6 54. Rxb7 Rg2+ 55. Kh1 Ke5 56. Rh5+ Ke4 57. Rb4+ Ke3 58. Rb3+
Kf2 59. Rxf3+ Kxf3 60. Rf5+ 1-0

[Event "2BLS 1920 SV 1920 Hofheim - SC Heusenst"]
[Site "?"]
[Date "2019.10.20"]
[Round "2.6"]
[White "Brendel, Oliver"]
[Black "Weichhold, Pawel"]
[Result "1/2-1/2"]
[WhiteElo "2339"]
[BlackElo "2431"]
[PlyCount "157"]
[EventDate "2019.??.??"]

1. c4 Nf6 2. g3 g6 3. Bg2 Bg7 4. Nc3 O-O 5. e4 c5 6. Nge2 Nc6 7. d3 Ne8 8. Be3
Nd4 9. O-O d6 10. Qd2 Nc7 11. Bh6 Nxe2+ 12. Nxe2 e5 13. Bxg7 Kxg7 14. f4 f6 15.
f5 g5 16. a3 Bd7 17. b4 h5 18. Rfb1 Rb8 19. Rb2 Rh8 20. Rab1 b6 21. Nc3 Bc6 22.
b5 Be8 23. a4 Bf7 24. a5 Qd7 25. Ra1 Rb7 26. Rba2 Rd8 27. Nd1 Qe8 28. Ne3 Qg8
29. Ra3 Kf8 30. Bf3 Ke7 31. Qe2 Qh8 32. Ra4 Kd7 33. Qc2 Rc8 34. Qe2 Rg8 35. Bg2
Rc8 36. Rc1 Qh6 37. Rc3 Qh8 38. Rca3 Rd8 39. Qc2 Rc8 40. Qc1 Qg8 41. Kf2 Qh8
42. Kg1 Qg8 43. Rc3 Qh8 44. Rc2 Qg8 45. Qa1 Qh8 46. Rc1 Qg8 47. axb6 axb6 48.
Ra7 Rcb8 49. Rc3 Rxa7 50. Qxa7 Kc8 51. Rc1 Rb7 52. Qa3 Kb8 53. Ra1 Qf8 54. d4
cxd4 55. Nd5 Bxd5 56. cxd5 Qd8 57. Bf1 Qd7 58. Qa4 Qd8 59. Be2 Qd7 60. Kg2 g4
61. h3 Qe8 62. hxg4 hxg4 63. Qb4 Qd7 64. Rc1 Ra7 65. Rc6 Ra2 66. Qc4 Rb2 67.
Rxb6+ Kc8 68. Rc6 Qh7 69. Kg1 d3 70. b6 Rb1+ 71. Bf1 Rxf1+ 72. Kxf1 Qh1+ 73.
Kf2 Qh2+ 74. Kf1 Qh1+ 75. Kf2 Qf3+ 76. Kg1 Qxg3+ 77. Kh1 Qe1+ 78. Kg2 Qe2+ 79.
Kg1 1/2-1/2

[Event "2BLS 1920 SV 1920 Hofheim - SC Heusenst"]
[Site "?"]
[Date "2019.10.20"]
[Round "2.7"]
[White "Paszewski, Mateusz"]
[Black "Burkart, Patrick"]
[Result "1/2-1/2"]
[WhiteElo "2270"]
[BlackElo "2318"]
[PlyCount "75"]
[EventDate "2019.??.??"]

1. d4 Nf6 2. Bf4 b6 3. e3 Bb7 4. Nf3 g6 5. Nbd2 Bg7 6. Bd3 d6 7. h3 O-O 8. O-O
c5 9. c3 Nc6 10. Bh2 e5 11. dxe5 dxe5 12. Qe2 Qe7 13. e4 Rad8 14. Rad1 Nh5 15.
Rfe1 Nf4 16. Bxf4 exf4 17. Bc4 Rfe8 18. Qf1 Qc7 19. Bd5 Ne7 20. Bxf7+ Kxf7 21.
Ng5+ Kg8 22. Ne6 Qc8 23. Nxd8 Ba6 24. Nc4 Rxd8 25. Nxb6 axb6 26. Rxd8+ Qxd8 27.
Qxa6 h6 28. Qe2 Nc6 29. Rd1 Qf6 30. Qd3 Bf8 31. Qd5+ Kg7 32. Qd7+ Be7 33. Qc7
b5 34. Rd5 Kf8 35. Qc8+ Kf7 36. Qc7 Kf8 37. Qc8+ Kf7 38. Qc7 1/2-1/2